Представление документа в формате RUSMARC

ПолеНазваниеЗначение
  Тип записи a
  Библиографический уровень m
001 Контрольный номер RU/SLIB/B/208760576
005 Дата корректировки 20230421095820.7
010 Индекс ISBN __
a ISBN 5-222-05179-х (в пер.)
d Цена 121-50
021 № государственной регистрации __
b № документа 04-57733
100 Данные общей обработки __
a Данные общей обработки 19040921d2004 |||y0rusy0189 ca
101 Язык документа 0_
a Язык текста rus
c Язык оригинала rus
102 Страна публикации __
a Страна публикации ru
105 Кодированные данные (монография) __
a Кодированные данные (монография) y zzzz000zy
200 Заглавие и сведения об ответственности 1_
a Заглавие Социология менеджмента и организаций
e Сведения, относящиеся к заглавию учеб. пособие для студентов вузов
f Первые сведения об ответственности П. В. Романов
b Общее обозначение материала Текст
210 Выходные данные 1_
a Место издания Ростов н/Д
c Издательство Феникс
d Дата издания 2004
215 Физическое описание __
a Объем 284 с.
c Иллюстрации/тип воспроизводства ил., табл.
225 Серия 2_
a Серия Высшее образование
330 Аннотация __
a Аннотация Современные социологические теории менеджмента, административного контроля, предлагается новая для российской социологии социально-антропологическая перспектива изучения организаций и управления.
606 Тематические рубрики __
a Основная рубрика Социология
606 Тематические рубрики __
a Основная рубрика Социология управления
610 Ключевые слова 0_
a Ключевые слова социология менеджмента; административный контроль; менеджмент; антропология менеджмента; организационная культура; трудовые отношения; управление персоналом; кейс-стадии; организации; управление; управленческие процессы; управленческая культура; управленческая деятельность
686 Индексы других классификаций __
a Классификационный индекс 60.561.1я73
700 Автор _1
a Фамилия Романов
b Имя П. В.
4 Код отношения 070
801 Источник записи _0
a Страна ru
b Организация Муниципальное бюджетное учреждение культуры "Централизованная библиотечная система" г. Сургут (Центральная городская библиотека им. А. С. Пушкина)
c Дата составления 20040921
g Правила каталогизации КиК/Гришунина
801 Источник записи _1
a Страна ru
b Организация Муниципальное бюджетное учреждение культуры "Централизованная библиотечная система" г. Сургут (Центральная городская библиотека им. А. С. Пушкина)
c Дата составления 20040921
g Правила каталогизации КиК/Гришунина
852 Данные о местонахождении __
j Шифр хранения 60.561.1я73
c Каталожный индекс 60.56я73
i Авторский знак Р 69
901 Тип документа __
t Тип документа m
903 Характеристики (МАРС) __
a Дата передачи 20060530
969 Тип издания __
a Тип издания учебное пособие
990 Данные о заказе (DOS) __
t N записи в КСУ для И/У (DOS) 200606
j Количество экземпляров (DOS) 1